Series de televisión por casas - Estadísticas

Estadísticas generales
  • Esta prueba ha sido intentada 484 veces
  • La puntuación promedio es 7 de 16
Estadísticas de respuestas
Imagen Respuesta % Correcto
Bob Esponja
100%
Los Simpson
96%
Peppa Pig
91%
Padre de familia
68%
El increíble mundo de Gumball
66%
Modern Family
44%
Padre americano
43%
Un Show más
34%
Gossip Girl
32%
Hannah Montana
21%
The Vampire Diaries
15%
The Loud House
13%
Gilmore Girls
10%
Malcolm el de enmedio
10%
Esposas Desesperadas
4%
El Principe del rap
3%
No se encontraron pruebas coincidentes
Distribución de puntuación
Porcentaje de gente con cada puntuación
Porcentaje por número respondido
Historial de tus puntuaciones
No has intentado esta prueba.